1668 1206 1481 1889 1707 1891 1790 1380 1296 1059 1223 1138 1774 1485 1246 1536 1802 1973 1033 1649 1569 2000 1997 1449 1314 1442 1857 1630 1040 1367 1053 1200 1645 1137 1035 1420 1324 1963 1799 1612 1920 1652 1635 1407 1396 1963 1677 1304 1336 2000 1226 1975 1839 1872 1348 1752 1538 1044 1684 1849 1225 1529 1974 1223 1274 1681 1643 1052 1592 1120 1408 1207 1274 1119 1704 1038 1780 1831 1400 1063 1277 1176 1399 1402 1152 1931 1394 1506 1391 1627 1595 1023 1233 1127 1910 1308 1935 1107 1713 BCNSPRNW ULIB Ver.6.0+V

เปลี่ยนเป็นภาษาไทย

Change to English
 แสดงรายละเอียดบรรณานุกรม
  กลับหน้าหลัก

Brief Record : Get Marc (ISO 2709) : E-mail record : QR code < ปิดหน้าต่าง
LEADER : 00000nam 2200000uu 4500
001    13399115137
003     ULIB
008    120712s2547||||th 000 0 tha d
020    ^a9789740864134
060  4 ^aQS4^bว365ห 2547
100 0  ^aริชาร์ด วอล์คเกอร์
245 10 ^aร่างกายของมนุษย์ หัวใจ /^cแฟรงคลิน วัตต์ส
246 32 ^aเลือดวิ่งไปทั่วร่างกายได้อย่างไร
250    ^aพิมพ์ครั้งที่ 3
260    ^aกรุงเทพฯ :^bไทยวัฒนาพานิช,^c2547
500    ^aหัวใจ
945    ^p0^l0^i24792
995    ^aกัณชพร
999    ^aใช้งานได้ทุกระบบ
รายการนี้ยังไม่มีแท็ก
คุณยังไม่ได้ล็อกอิน คุณสามารถมีกิจกรรมร่วมกับเว็บไซต์ได้ แต่ต้องล็อกอินก่อน ::
  ล็อกอิน

รายการสื่อสารสนเทศ

ลำดับที่ ประเภท เลขเรียก/บาร์โค้ด สถานที่ สถานะ
- ไม่พบข้อมูล -

รายการใกล้เคียง
    ผู้แต่ง [ริชาร์ด วอล์คเกอร์]

BibComment


ยังไม่เคยถูกคอมเมนท์

คอมเมนท์ทรัพยากรรายการนี้
  คอมเมนท์: ร่างกายของมนุษย์..


 Copyright 2026. Bcnsprnw @Library